Live Like A Hamilton Character! Quiz Stats

 Plays Quiz Updated Jan 7, 2019

Support Sporcle.
Go Orange.
Score 0/15 Timer 04:00
9 Plays Today
Question Answer Wrong Answers
You're Angelica Schuyler, and you've been scoffing away at an All-You-Can-Eat Buffet for some time now. How do you express your feelings regarding the situation? I will never be satisfied
95.2%
I will always be hungry
1%
I want to break free
0.8%
Why did I have that beef ragou
0.5%
You're Alexander Hamilton, the flawed hero, and you're trying to find someone in New York. What's their name? Aaron Burr, Sir
95%
George Washington, Son
0.9%
Lafayette, Mate
0.8%
Philip Schuyler, Sir
0.9%
You're Thomas Jefferson and you nod off whilst watching the Lord of the Rings. What's your response when you wake up? What'd I Miss?
94.8%
Has Anyone Died?
1.6%
Did They Defeat Voldemort?
0.5%
Is Frodo Okay?
0.7%
You're George Washington, and you need to push open a rather heavy door. You should use your... Right Hand, Man
94.6%
Left Hand, Sir
0.8%
Elbows, Good Fellow
0.7%
Shoulders, Soldier
1.5%
You're Elizabeth Schuyler, and you've been trying to get through to Customer Services for the last half hour. How do you feel? Helpless
94.5%
Angry
1%
Blameless
0.6%
Desperate
1.6%
You're King George III, and your dinner party is going well, but a guest suddenly makes their excuses. What is your response to them? You'll Be Back
93.9%
What's Your Hurry?
1.2%
Stop Right Now
0.7%
Why Such Haste?
1.8%
You're Aaron Burr, the rival of Hamilton, and you're expecting a parcel to arrive, but you also need to pop out and get some milk. What do you do? Wait For It
93.8%
Go And Get It
1.9%
Bust a Move
0.7%
Count On a Friend
1.2%
You're Lafayette and you find that joining the Navy appeals to you greatly. What two aspects appeal in particular? Guns and Ships
92.7%
Uniforms and Hunks
0.6%
Travel and Adventure
2%
Excitement and Danger
2.3%
You're James Reynolds and you're writing a letter whilst on holiday. How best to start it? Dear Sir, I hope this letter finds you in good health
91.5%
Dear Sir, I hope the weather's better than up here
1.4%
Dear Sir, I hope this letter finds you with clothes on
2.8%
Dear Sir, I hope this letter gets burned by Eliza
1.9%
You're Maria Reynolds and you set up a liquor business. What's your slogan? Maria's Mead: Can You Say No To This?
90.8%
Reynolds' Rum: You Win Rum, You Lose Some
3.8%
Wenches' Wine: For Richer Or Pourer
1.8%
Strumpet's Stout: You Might As Well At This Point
1.2%
You're Hercules Mulligan and you decide to form a Rock Band. What should they be called? The Sons of Liberty
90.8%
The Daughters of Freedom
2.5%
The Nephews of Justice
1.1%
The Second Cousins of Indifference
3.1%
You're John Laurens and you need to get to work. How do you 'sally in'? On a stallion, with the first black battalion
90.8%
On a double decker, with Boris Becker
0.8%
On your feet, running to the beat
3.4%
On a boat, so others take note
2.7%
You're James Madison and you're trying to encourage people to commute less. What's your key phrase? Wouldn't you like to work a little closer to home?
83.2%
Aren't you sick of all these public transport strikes?
1.7%
Don't you deserve to have more time with your wife?
7.3%
Is all this travelling really worth your while?
5.3%
You're Charles Lee and you see a bunch of British soliders nearby. What's your reaction? There's So Many Of Them!
80.9%
Let's Go To Work, Washington!
8.1%
Where's My Spare Underwear?
4.7%
A Fine State We're In, Friends!
4%
You're Philip Hamilton and you're trying to compose a song, but something isn't quite right. If in doubt, what should you do? Always change the line
77.5%
Always modulate
15%
Always use Beyonce as inspiration
0.9%
Always drop the bass
4.2%

You're not logged in!

Compare scores with friends on all Sporcle quizzes.
OR
Log In

From the Vault

Just 3 Words: Colors

by karenmcginty33

To properly describe a rainbow takes at least 7 color words.
Remove Ads.
Support Sporcle.
Get the best of Sporcle when you Go Orange. This ad-free experience offers more features, more stats, and more fun while also helping to support Sporcle. Thank you for becoming a member.

Show Comments

Extras

Top Quizzes Today


Score Distribution

Your Account Isn't Verified!

In order to create a playlist on Sporcle, you need to verify the email address you used during registration. Go to your Sporcle Settings to finish the process.

Report this User

Report this user for behavior that violates our Community Guidelines.

Details: